Normal view
MARC view
Entry Personal Name
001 - CONTROL NUMBER
- control field: 3531
003 - CONTROL NUMBER IDENTIFIER
- control field: BD-RjUL
005 - DATE AND TIME OF LATEST TRANSACTION
- control field: 20220609114912.0
008 - FIXED-LENGTH DATA ELEMENTS
- fixed length control field: 220609|| aca||aabn | a|a d
040 ## - CATALOGING SOURCE
- Original cataloging agency: BD-RjUL
- Transcribing agency: BD-RjUL
100 ## - HEADING--PERSONAL NAME
- Personal name: ঘোষ, শম্ভুনাথ
670 ## - SOURCE DATA FOUND
- Source citation: Work cat.: (BD-RjUL)79948: ঘোষ, শম্ভুনাথ , তবলার ইতিবৃত্ত :, ২০১৮